『魔法少女まどか⭐︎マギカ』各話サブタイトル - Statistics

General Stats
  • This quiz has been taken 10 times
  • The average score is 5 of 12
Answer Stats
Hint Answer % Correct
第4話 奇跡も、魔法も、あるんだよ
86%
第8話 あたしって、ほんとバカ
57%
第1話 夢の中で逢った、ような……
43%
第3話 もう何も恐くない
43%
第10話 もう誰にも頼らない
43%
最終話 わたしの、最高の友達
43%
第2話 それはとっても嬉しいなって
29%
第5話 後悔なんて、あるわけない
29%
第6話 こんなの絶対おかしいよ
29%
第7話 本当の気持ちと向き合えますか?
29%
第9話 そんなの、あたしが許さない
29%
第11話 最後に残った道しるべ
14%
No matching quizzes found
Score Distribution
Percent of People with Each Score
Percentile by Number Answered
Your Score History
You have not taken this quiz